[Event "XtraCon-Skakligaen"]
[Site "Denmark"]
[Date "2012.10.27"]
[Round "1.1"]
[White "Hector, Jonny"]
[Black "Matthiesen, Arne"]
[Result "1/2-1/2"]
[WhiteElo "2539"]
[BlackElo "2345"]
[PlyCount "84"]
[EventDate "2012.10.27"]
[EventType "team-tourn"]
[EventRounds "9"]
[WhiteTeam "Nordkalotten"]
[BlackTeam "SK1968"]
[WhiteTeamCountry "DEN"]
[BlackTeamCountry "DEN"]

1. e4 e6 2. d4 d5 3. e5 c5 4. c3 Bd7 5. Nf3 Nc6 6. Bd3 cxd4 7. O-O Qb6 8. Re1
Nge7 9. h4 h6 10. Na3 Nf5 11. Bxf5 Bxa3 12. bxa3 exf5 13. cxd4 O-O 14. Bf4 Na5
15. Rb1 Qc6 16. e6 fxe6 17. Ne5 Qc8 18. Re3 Kh7 19. Rg3 Be8 20. Qd2 Qd8 21.
Rxg7+ Kxg7 22. Bxh6+ Kg8 23. Bxf8 Kxf8 24. Qh6+ Ke7 25. Re1 Rc8 26. h5 Nc6 27.
Nf3 Bf7 28. Ng5 Qg8 29. Nh7 Nxd4 30. Qf6+ Kd7 31. Qxd4 Qxh7 32. Qxa7 Rc7 33.
Qa4+ Kd8 34. Qa8+ Ke7 35. Qa5 Kd7 36. Qa4+ Kd8 37. Qa8+ Ke7 38. Qa5 Rd7 39.
Qc5+ Kf6 40. Qd4+ Ke7 41. Qc5+ Ke8 42. Qc8+ Ke7 1/2-1/2

[Event "XtraCon-Skakligaen"]
[Site "Denmark"]
[Date "2012.10.27"]
[Round "1.2"]
[White "Hansen, Lars"]
[Black "Ahlander, Bjorn"]
[Result "0-1"]
[WhiteElo "2267"]
[BlackElo "2422"]
[PlyCount "34"]
[EventDate "2012.10.27"]
[EventType "team-tourn"]
[EventRounds "9"]
[WhiteTeam "SK1968"]
[BlackTeam "Nordkalotten"]
[WhiteTeamCountry "DEN"]
[BlackTeamCountry "DEN"]

1. e4 c5 2. Nc3 e6 3. f4 d5 4. Bb5+ Nc6 5. Nf3 Nge7 6. exd5 exd5 7. Qe2 Bg4 8.
O-O Qd6 9. Bxc6+ Qxc6 10. d4 c4 11. h3 Bxf3 12. Rxf3 O-O-O 13. f5 Qf6 14. Bf4
Nc6 15. Be5 Nxd4 16. Bxd4 Qxd4+ 17. Kf1 Bc5 0-1

[Event "XtraCon-Skakligaen"]
[Site "Denmark"]
[Date "2012.10.27"]
[Round "1.3"]
[White "Sylvan, Jacob"]
[Black "Lindfeldt, Jan Magnus"]
[Result "1-0"]
[WhiteElo "2313"]
[BlackElo "2269"]
[PlyCount "93"]
[EventDate "2012.10.27"]
[EventType "team-tourn"]
[EventRounds "9"]
[WhiteTeam "Nordkalotten"]
[BlackTeam "SK1968"]
[WhiteTeamCountry "DEN"]
[BlackTeamCountry "DEN"]

1. d4 d5 2. c4 Nc6 3. Nc3 Nf6 4. Nf3 dxc4 5. e3 Bg4 6. Bxc4 e6 7. O-O Be7 8. a3
O-O 9. b4 a6 10. Bb2 Qd6 11. Be2 Rfd8 12. Qc2 Bf5 13. Qb3 Ne4 14. Rfd1 Bf6 15.
Nxe4 Bxe4 16. Nd2 Bg6 17. Bf3 Rab8 18. Rac1 Na7 19. Ne4 Bxe4 20. Bxe4 c6 21. g3
g6 22. Kg2 Bg7 23. h4 h5 24. Bf3 Qe7 25. a4 e5 26. dxe5 Bxe5 27. Bxe5 Qxe5 28.
Rc5 Qf6 29. Rg5 Rxd1 30. Bxd1 Kf8 31. e4 Qd4 32. Qf3 Ke7 33. Bb3 Rf8 34. Qf4
Kd7 35. Bxf7 Qxb4 36. Rxg6 Nc8 37. Rg7 Kd8 38. Qe5 Qd6 39. Qxd6+ Nxd6 40. Bg6
b5 41. Ra7 b4 42. e5 Nc8 43. Rb7 Rg8 44. Bf7 Rg7 45. e6 Ne7 46. Rd7+ Kc8 47.
Rxe7 1-0

[Event "XtraCon-Skakligaen"]
[Site "Denmark"]
[Date "2012.10.27"]
[Round "1.4"]
[White "Matthiesen, Martin"]
[Black "Hove, Esben Kjems"]
[Result "1/2-1/2"]
[WhiteElo "2266"]
[BlackElo "2267"]
[PlyCount "115"]
[EventDate "2012.10.27"]
[EventType "team-tourn"]
[EventRounds "9"]
[WhiteTeam "SK1968"]
[BlackTeam "Nordkalotten"]
[WhiteTeamCountry "DEN"]
[BlackTeamCountry "DEN"]

1. d4 d5 2. c4 c6 3. Nf3 Nf6 4. Nc3 dxc4 5. a4 Bf5 6. e3 e6 7. Bxc4 Bb4 8. O-O
O-O 9. Qe2 Bg4 10. h3 Bxf3 11. Qxf3 Nbd7 12. Rd1 e5 13. d5 Bxc3 14. dxc6 e4 15.
Qf5 g6 16. Qg5 Be5 17. cxd7 Qc7 18. Bd2 Kg7 19. f4 exf3 20. Rac1 h6 21. Qh4
Bh2+ 22. Kf1 Bg3 23. Qd4 Be5 24. Bb3 Qb8 25. Qd3 Rd8 26. Be1 Rxd7 27. Qxd7 Nxd7
28. Rxd7 fxg2+ 29. Kxg2 Qe8 30. Rxf7+ Qxf7 31. Bxf7 Kxf7 32. Bc3 Rc8 33. Bd2
Rd8 34. Rc2 Ke6 35. Kf3 Rf8+ 36. Ke2 Bg3 37. Rc4 Rf2+ 38. Kd3 Be5 39. Rb4 b6
40. Rc4 Bd6 41. h4 Rg2 42. b4 h5 43. e4 Rg3+ 44. Ke2 Rh3 45. Bg5 Ra3 46. b5 Bc5
47. Bf4 Rh3 48. Bb8 Rxh4 49. Bxa7 Rh2+ 50. Kf3 Rh3+ 51. Kg2 Ra3 52. Rxc5 bxc5
53. b6 Rxa4 54. b7 Rb4 55. b8=Q Rxb8 56. Bxb8 g5 57. Kf3 g4+ 58. Kg3 1/2-1/2

[Event "XtraCon-Skakligaen"]
[Site "Denmark"]
[Date "2012.10.27"]
[Round "1.5"]
[White "Nielsen, Lars Aaes"]
[Black "Rewitz, Poul"]
[Result "1-0"]
[WhiteElo "2260"]
[BlackElo "2252"]
[PlyCount "73"]
[EventDate "2012.10.27"]
[EventType "team-tourn"]
[EventRounds "9"]
[WhiteTeam "Nordkalotten"]
[BlackTeam "SK1968"]
[WhiteTeamCountry "DEN"]
[BlackTeamCountry "DEN"]

1. e4 e6 2. d4 d5 3. Nc3 dxe4 4. Nxe4 Nd7 5. Nf3 Ngf6 6. Nxf6+ Nxf6 7. Be3 Be7
8. Qd2 O-O 9. Ne5 Nd5 10. O-O-O c5 11. dxc5 Nxe3 12. Qxd8 Rxd8 13. Rxd8+ Bxd8
14. fxe3 Bg5 15. Nc4 Bd7 16. h4 Be7 17. b4 Bc6 18. a3 Rd8 19. Rh2 g5 20. g3 Bb5
21. Bd3 Rd5 22. hxg5 Bxg5 23. Re2 Rd4 24. Ne5 f6 25. Bxb5 fxe5 26. Kb2 Rg4 27.
Bd7 Rxg3 28. Bxe6+ Kg7 29. Bc8 Bxe3 30. Rxe3 Rxe3 31. Bxb7 e4 32. c6 Rf3 33. c7
Rf8 34. c8=Q Rxc8 35. Bxc8 Kf6 36. c4 Ke5 37. Kc3 1-0

[Event "XtraCon-Skakligaen"]
[Site "Denmark"]
[Date "2012.10.27"]
[Round "1.6"]
[White "Bank, Pelle Rodkjaer"]
[Black "Pedersen, Daniel V"]
[Result "1/2-1/2"]
[WhiteElo "2220"]
[BlackElo "2274"]
[PlyCount "119"]
[EventDate "2012.10.27"]
[EventType "team-tourn"]
[EventRounds "9"]
[WhiteTeam "SK1968"]
[BlackTeam "Nordkalotten"]
[WhiteTeamCountry "DEN"]
[BlackTeamCountry "DEN"]

1. d4 d5 2. Nc3 Nf6 3. Bg5 Nbd7 4. f3 c6 5. e4 dxe4 6. fxe4 Qa5 7. e5 Ne4 8.
Bd2 Nxd2 9. Qxd2 e6 10. Nf3 Bb4 11. Bc4 Nb6 12. Bb3 c5 13. dxc5 Qxc5 14. O-O-O
O-O 15. Rhf1 Bxc3 16. Qxc3 Qxc3 17. bxc3 Bd7 18. Rd4 Bc6 19. Rf4 Bxf3 20. R1xf3
Nd7 21. Re3 Rac8 22. Rd4 Nb8 23. Kb2 Rc5 24. g4 Nc6 25. Rde4 Rd8 26. g5 Rd2 27.
h4 Kf8 28. Ba4 b5 29. Bb3 Ke7 30. a4 a6 31. axb5 axb5 32. Re1 Rf2 33. R4e3 Rf4
34. Re4 Rxe4 35. Rxe4 Nxe5 36. Ka3 Nc6 37. c4 b4+ 38. Kb2 e5 39. c3 bxc3+ 40.
Kxc3 Nd4 41. Bd1 f5 42. gxf6+ gxf6 43. Rg4 Kf7 44. Rg2 f5 45. Kb4 Rc8 46. c5
Kf6 47. Ra2 f4 48. Bg4 Rc6 49. Bd7 e4 50. Kc4 Ke5 51. Bxc6 Nxc6 52. Ra8 f3 53.
Re8+ Kf4 54. Kd5 Nb4+ 55. Kd4 Nc2+ 56. Kc3 Ne3 57. c6 f2 58. Rf8+ Nf5 59. c7
f1=Q 60. Rxf5+ 1/2-1/2

[Event "XtraCon-Skakligaen"]
[Site "Denmark"]
[Date "2012.10.27"]
[Round "1.7"]
[White "Jakobsen, Peter"]
[Black "Christensen, Thomas"]
[Result "0-1"]
[WhiteElo "2255"]
[BlackElo "2248"]
[PlyCount "70"]
[EventDate "2012.10.27"]
[EventType "team-tourn"]
[EventRounds "9"]
[WhiteTeam "Nordkalotten"]
[BlackTeam "SK1968"]
[WhiteTeamCountry "DEN"]
[BlackTeamCountry "DEN"]

1. d4 Nf6 2. c4 e6 3. Nf3 b6 4. a3 Bb7 5. Nc3 d5 6. cxd5 exd5 7. g3 a6 8. Bg2
Bd6 9. O-O Nbd7 10. Nh4 g6 11. Qb3 c6 12. e4 dxe4 13. Bh6 Bf8 14. Bxf8 Kxf8 15.
Nxe4 Nxe4 16. Bxe4 Kg7 17. Rac1 Qf6 18. Rfd1 Rhd8 19. Rc3 b5 20. Nf3 Re8 21.
Qc2 Re6 22. d5 cxd5 23. Bxd5 Bxd5 24. Rxd5 Nb6 25. Rd4 Nc4 26. Rf4 Qd8 27. b3
Nd6 28. Rc7 Kg8 29. Kg2 Nf5 30. Rc5 Qd6 31. Ng5 Re2 32. Rc8+ Rxc8 33. Qxc8+ Kg7
34. Qc3+ f6 35. Nf3 Ne3+ 0-1

[Event "XtraCon-Skakligaen"]
[Site "Denmark"]
[Date "2012.10.27"]
[Round "1.8"]
[White "Pedersen, Gunnar"]
[Black "Ejsing, Esben"]
[Result "1-0"]
[WhiteElo "2231"]
[BlackElo "2159"]
[PlyCount "77"]
[EventDate "2012.10.27"]
[EventType "team-tourn"]
[EventRounds "9"]
[WhiteTeam "SK1968"]
[BlackTeam "Nordkalotten"]
[WhiteTeamCountry "DEN"]
[BlackTeamCountry "DEN"]

1. d4 Nf6 2. Nf3 c5 3. d5 e6 4. c4 exd5 5. cxd5 d6 6. Nc3 g6 7. Bf4 Nh5 8. Bg5
Be7 9. Bxe7 Qxe7 10. e3 O-O 11. Be2 f5 12. Nd2 f4 13. Bxh5 fxe3 14. O-O exd2
15. Bg4 Bxg4 16. Qxg4 Rf5 17. Rad1 Nd7 18. Rxd2 Ne5 19. Qe2 Raf8 20. Ne4 c4 21.
Ng3 R5f7 22. Qe3 b5 23. Re2 Rf4 24. Ree1 Qc7 25. Ne2 R4f6 26. Nd4 Qa5 27. Ne6
R8f7 28. a3 b4 29. axb4 Qxd5 30. Ng5 Re7 31. f4 Nc6 32. Qh3 h5 33. Rxe7 Nxe7
34. Qe3 Nf5 35. Qe8+ Kg7 36. Qd7+ Kg8 37. Qh7+ Kf8 38. Qh8+ Ke7 39. Re1+ 1-0

[Event "XtraCon-Skakligaen"]
[Site "Denmark"]
[Date "2012.10.27"]
[Round "1.2"]
[White "Rasmussen, Karsten"]
[Black "Pilgaard, Kim"]
[Result "1/2-1/2"]
[WhiteElo "2435"]
[BlackElo "2432"]
[PlyCount "98"]
[EventDate "2012.10.27"]
[EventType "team-tourn"]
[EventRounds "9"]
[WhiteTeam "Aarhus/Skolerne"]
[BlackTeam "Bronshoj"]
[WhiteTeamCountry "DEN"]
[BlackTeamCountry "DEN"]

1. g3 c5 2. Bg2 Nc6 3. c4 g6 4. e3 Bg7 5. Ne2 e6 6. d4 cxd4 7. Nxd4 Nxd4 8.
exd4 Qb6 9. O-O Qxd4 10. Qb3 Ne7 11. Nc3 O-O 12. Be3 Qe5 13. Bf4 Qf6 14. Bd6
Re8 15. Nb5 Nf5 16. Nc7 Nxd6 17. Nxa8 Qxb2 18. Rad1 Qe5 19. Nc7 Rd8 20. Qd3 Bf8
21. Rb1 Qc5 22. Nb5 Nxc4 23. Rfc1 d5 24. Nxa7 Qxa7 25. Rxc4 Qxa2 26. Rcc1 Qa7
27. Ra1 Qb8 28. Qb5 Bd7 29. Qb6 Bc6 30. Bf1 Bg7 31. Rab1 Qa8 32. Bb5 Rc8 33.
Rc2 Bxb5 34. Rxc8+ Qxc8 35. Qxb5 Bd4 36. Qxb7 Qc2 37. Rf1 h5 38. Qb4 e5 39. Qb5
Qe4 40. Qb3 Kg7 41. h4 g5 42. hxg5 h4 43. gxh4 Qg4+ 44. Kh2 Qxh4+ 45. Qh3 Bxf2
46. Qxh4 Bxh4 47. Rf5 f6 48. gxf6+ Bxf6 49. Kg3 Kf7 1/2-1/2

[Event "XtraCon-Skakligaen"]
[Site "Denmark"]
[Date "2012.10.27"]
[Round "1.3"]
[White "Bromann, Thorbjorn"]
[Black "Skytte, Rasmus"]
[Result "1/2-1/2"]
[WhiteElo "2378"]
[BlackElo "2406"]
[PlyCount "33"]
[EventDate "2012.10.27"]
[EventType "team-tourn"]
[EventRounds "9"]
[WhiteTeam "Bronshoj"]
[BlackTeam "Aarhus/Skolerne"]
[WhiteTeamCountry "DEN"]
[BlackTeamCountry "DEN"]

1. e4 e6 2. d4 d5 3. exd5 exd5 4. Bd3 Nc6 5. c3 Bd6 6. Qf3 Nf6 7. h3 O-O 8. Ne2
Re8 9. Bg5 Be7 10. Bf4 Bd6 11. Nd2 Bxf4 12. Qxf4 Ne7 13. Qf3 Ng6 14. Bxg6 hxg6
15. O-O b6 16. Rfe1 Qd6 17. Qg3 1/2-1/2

[Event "XtraCon-Skakligaen"]
[Site "Denmark"]
[Date "2012.10.27"]
[Round "1.5"]
[White "Greger, Roland Reinhard"]
[Black "Pedersen, Finn"]
[Result "1/2-1/2"]
[WhiteElo "2364"]
[BlackElo "2291"]
[PlyCount "87"]
[EventDate "2012.10.27"]
[EventType "team-tourn"]
[EventRounds "9"]
[WhiteTeam "Bronshoj"]
[BlackTeam "Aarhus/Skolerne"]
[WhiteTeamCountry "DEN"]
[BlackTeamCountry "DEN"]

1. e4 c6 2. d4 d5 3. e5 Bf5 4. Nc3 Qb6 5. Bd3 Bxd3 6. Qxd3 e6 7. Nge2 Qa6 8.
Qh3 b5 9. Nf4 Ne7 10. Nce2 Nd7 11. Nd3 g6 12. O-O h5 13. Bg5 Bg7 14. a4 Qb7 15.
Bxe7 Kxe7 16. a5 c5 17. Qh4+ Ke8 18. f4 Bf8 19. g4 Be7 20. Qh3 Rg8 21. gxh5 Rh8
22. Ng3 cxd4 23. Qg4 Rh6 24. hxg6 Rxg6 25. Qh3 Qc6 26. f5 Rg5 27. fxe6 Qxe6 28.
Qh8+ Nf8 29. Rae1 Rd8 30. Nf4 Qg4 31. e6 fxe6 32. Nxe6 Rg8 33. Nc7+ Kd7 34. Qe5
Ng6 35. Qe6+ Qxe6 36. Nxe6 Bb4 37. Rf7+ Ke8 38. Nxd8+ Bxe1 39. Rxa7 d3 40. cxd3
Rf8 41. Rg7 Rf6 42. Nb7 Nf4 43. Nf5 Kf8 44. Nbd6 1/2-1/2

[Event "XtraCon-Skakligaen"]
[Site "Denmark"]
[Date "2012.10.27"]
[Round "1.6"]
[White "Gasik, Anna"]
[Black "Aabling Thomsen, Jakob"]
[Result "0-1"]
[WhiteElo "2235"]
[BlackElo "2341"]
[PlyCount "56"]
[EventDate "2012.10.27"]
[EventType "team-tourn"]
[EventRounds "9"]
[WhiteTeam "Aarhus/Skolerne"]
[BlackTeam "Bronshoj"]
[WhiteTeamCountry "DEN"]
[BlackTeamCountry "DEN"]

1. e4 d6 2. d4 Nf6 3. Nc3 g6 4. Bg5 Bg7 5. f4 O-O 6. Nf3 a6 7. e5 Nfd7 8. Qe2
f6 9. Bh4 Nb6 10. a4 a5 11. e6 f5 12. O-O-O Na6 13. Qe3 Nb4 14. Re1 c6 15. Nd2
N6d5 16. Nxd5 Nxd5 17. Qf2 b5 18. axb5 cxb5 19. c3 Qb6 20. g3 b4 21. Bg2 bxc3
22. bxc3 Bb7 23. Nb1 Rfc8 24. Qb2 Nb4 25. Rd1 Rab8 26. Bxb7 Rxb7 27. Kd2 Qc6
28. Rhg1 Qf3 0-1

[Event "XtraCon-Skakligaen"]
[Site "Denmark"]
[Date "2012.10.27"]
[Round "1.7"]
[White "Palm, Nikolaj"]
[Black "Rendboe, John Filip"]
[Result "1/2-1/2"]
[WhiteElo "2307"]
[BlackElo "2233"]
[PlyCount "67"]
[EventDate "2012.10.27"]
[EventType "team-tourn"]
[EventRounds "9"]
[WhiteTeam "Bronshoj"]
[BlackTeam "Aarhus/Skolerne"]
[WhiteTeamCountry "DEN"]
[BlackTeamCountry "DEN"]

1. d4 d5 2. Nf3 Nf6 3. c4 e6 4. Bg5 Be7 5. e3 O-O 6. Nc3 h6 7. Bh4 b6 8. Rc1
Bb7 9. cxd5 Nxd5 10. Bxe7 Qxe7 11. Bc4 Nd7 12. O-O Rfd8 13. Nxd5 exd5 14. Bd3
c5 15. b3 Rac8 16. Re1 Qf6 17. Qe2 Rc7 18. Rc2 Rdc8 19. Rec1 a5 20. Bb5 Qd6 21.
Qd2 Nf6 22. h3 Ne4 23. Qd3 cxd4 24. exd4 Qf4 25. Rxc7 Rxc7 26. Rxc7 Qxc7 27.
Qe2 Qc1+ 28. Kh2 Qf4+ 29. g3 Qf6 30. Qe3 Bc8 31. Kg2 Qe6 32. Ng1 Kf8 33. f3 Nd6
34. Qxe6 1/2-1/2

[Event "XtraCon-Skakligaen"]
[Site "Denmark"]
[Date "2012.10.27"]
[Round "1.8"]
[White "Hagen, Kresten Skytte"]
[Black "Holmsgaard, Henrik"]
[Result "1/2-1/2"]
[WhiteElo "2186"]
[BlackElo "2294"]
[PlyCount "82"]
[EventDate "2012.10.27"]
[EventType "team-tourn"]
[EventRounds "9"]
[WhiteTeam "Aarhus/Skolerne"]
[BlackTeam "Bronshoj"]
[WhiteTeamCountry "DEN"]
[BlackTeamCountry "DEN"]

1. Nf3 d5 2. d4 Nf6 3. c4 c6 4. cxd5 cxd5 5. Nc3 Nc6 6. Bf4 Bf5 7. e3 e6 8. Be2
Bd6 9. Bxd6 Qxd6 10. O-O O-O 11. Rc1 Rfc8 12. Qb3 Rab8 13. Nd2 Qe7 14. Na4 e5
15. dxe5 Qxe5 16. Nf3 Qe7 17. Nc3 Be6 18. Qa4 a6 19. Nd4 Bd7 20. Qd1 Qe5 21.
Nxc6 Rxc6 22. Bf3 Rd6 23. Qd4 Qxd4 24. exd4 Bc6 25. Rfe1 Kf8 26. g3 Rbd8 27.
Bg2 Bd7 28. h3 Be6 29. Na4 Ne4 30. Nc5 Nxc5 31. Rxc5 Rb6 32. b3 Rb4 33. Rd1 Ke7
34. h4 Kd6 35. Rc3 Rc8 36. Rxc8 Bxc8 37. Kf1 a5 38. Ke2 a4 39. bxa4 Rxa4 40.
Rd2 Ra3 41. Rb2 b5 1/2-1/2

[Event "XtraCon-Skakligaen"]
[Site "Denmark"]
[Date "2012.10.27"]
[Round "1.1"]
[White "Hansen, Mads Smith"]
[Black "Teplyi, Igor"]
[Result "1/2-1/2"]
[WhiteElo "2364"]
[BlackElo "2386"]
[PlyCount "44"]
[EventDate "2012.10.27"]
[EventType "team-tourn"]
[EventRounds "9"]
[WhiteTeam "Obro"]
[BlackTeam "Nordre"]
[WhiteTeamCountry "DEN"]
[BlackTeamCountry "DEN"]

1. e4 c5 2. Nc3 d6 3. f4 g6 4. Nf3 Bg7 5. Bc4 Nf6 6. e5 dxe5 7. fxe5 Ng4 8. e6
f5 9. d3 Nc6 10. Bf4 O-O 11. Qe2 b6 12. O-O Bb7 13. Ng5 Nd4 14. Qd2 Nf6 15.
Rae1 Qe8 16. Nf7 b5 17. Bb3 a5 18. Be5 Nxb3 19. axb3 Ra6 20. Bf4 Bc8 21. Nh6+
Kh8 22. Nf7+ Kg8 1/2-1/2

[Event "XtraCon-Skakligaen"]
[Site "Denmark"]
[Date "2012.10.27"]
[Round "1.2"]
[White "Sloth, Jorn"]
[Black "Hansen, Soren Bech"]
[Result "1-0"]
[WhiteElo "2340"]
[BlackElo "2329"]
[PlyCount "55"]
[EventDate "2012.10.27"]
[EventType "team-tourn"]
[EventRounds "9"]
[WhiteTeam "Nordre"]
[BlackTeam "Obro"]
[WhiteTeamCountry "DEN"]
[BlackTeamCountry "DEN"]

1. Nf3 g6 2. e4 Bg7 3. d4 Nf6 4. e5 Nd5 5. c4 Nb6 6. c5 Nd5 7. Bc4 e6 8. Bxd5
exd5 9. Nc3 c6 10. Bg5 f6 11. exf6 Bxf6 12. Qe2+ Kf8 13. h4 d6 14. cxd6 Qxd6
15. Ne5 Bxe5 16. dxe5 Qe6 17. O-O-O Nd7 18. Qe3 Kg7 19. Bh6+ Kf7 20. f4 b6 21.
g4 Re8 22. h5 Bb7 23. Bg5 Nf8 24. hxg6+ hxg6 25. Qh3 a6 26. Bf6 c5 27. f5 Qc6
28. Qh8 1-0

[Event "XtraCon-Skakligaen"]
[Site "Denmark"]
[Date "2012.10.27"]
[Round "1.3"]
[White "Skousen, Nikolai"]
[Black "Petersen, Tom Petri"]
[Result "1/2-1/2"]
[WhiteElo "2198"]
[BlackElo "2331"]
[PlyCount "158"]
[EventDate "2012.10.27"]
[EventType "team-tourn"]
[EventRounds "9"]
[WhiteTeam "Obro"]
[BlackTeam "Nordre"]
[WhiteTeamCountry "DEN"]
[BlackTeamCountry "DEN"]

1. d4 Nf6 2. Nc3 d5 3. Bg5 g6 4. f3 Nc6 5. e4 dxe4 6. d5 Ne5 7. Qd4 exf3 8.
gxf3 Ned7 9. O-O-O Bg7 10. Qd2 O-O 11. Bh6 Nh5 12. Bxg7 Kxg7 13. Nge2 Ndf6 14.
Ng3 Qd6 15. Kb1 c6 16. Nxh5+ Nxh5 17. Qf2 Bf5 18. Bc4 Qb4 19. Bb3 Nf6 20. h4 h5
21. Rd4 Qb6 22. Rhd1 cxd5 23. Bxd5 Rac8 24. Bb3 e5 25. R4d2 Qxf2 26. Rxf2 a6
27. Rfd2 e4 28. fxe4 Nxe4 29. Nxe4 Bxe4 30. Rd7 Bc6 31. R7d4 Rfe8 32. a4 Rc7
33. c3 Re5 34. Bc2 f6 35. Bb3 Rce7 36. Rd8 Re8 37. R8d4 g5 38. hxg5 fxg5 39.
Ka2 Re4 40. Rd6 Bxa4 41. Bxa4 Rxa4+ 42. Kb3 Rae4 43. Rb6 R4e5 44. c4 R8e7 45.
Rdd6 Rf5 46. Rg6+ Kf7 47. Rh6 g4 48. Rh7+ Kf8 49. Rh8+ Kg7 50. Rbh6 Ref7 51.
R8h7+ Kg8 52. Rh8+ Kg7 53. R8h7+ Kf8 54. Rh8+ Ke7 55. Rb8 Rg5 56. Rxb7+ Kf8 57.
Rb8+ Kg7 58. Rbh8 g3 59. R8h7+ Kf8 60. Rh8+ Ke7 61. Rxh5 Rxh5 62. Rxh5 Rg7 63.
Rh1 g2 64. Rg1 Kd6 65. Kb4 Rg6 66. b3 Ke5 67. Kc5 Ke4 68. b4 Rg5+ 69. Kb6 Rg6+
70. Ka5 Kd4 71. b5 Kc5 72. bxa6 Rg7 73. Ka4 Kxc4 74. Rc1+ Kd5 75. Rg1 Kc6 76.
Kb3 Kb6 77. Kc3 Rg3+ 78. Kd2 Ra3 79. Ke2 Kxa6 1/2-1/2

[Event "XtraCon-Skakligaen"]
[Site "Denmark"]
[Date "2012.10.27"]
[Round "1.4"]
[White "Veng, Johny"]
[Black "Jorgensen, Dennis"]
[Result "1/2-1/2"]
[WhiteElo "2239"]
[BlackElo "2207"]
[PlyCount "87"]
[EventDate "2012.10.27"]
[EventType "team-tourn"]
[EventRounds "9"]
[WhiteTeam "Nordre"]
[BlackTeam "Obro"]
[WhiteTeamCountry "DEN"]
[BlackTeamCountry "DEN"]

1. c4 c6 2. Nf3 d5 3. g3 Nf6 4. Bg2 dxc4 5. a4 Na6 6. Na3 Be6 7. Ng5 Bd5 8. e4
Nxe4 9. Nxe4 f5 10. O-O fxe4 11. Qc2 Nb4 12. Qc3 e6 13. Nxc4 Qf6 14. Ne3 Bd6
15. a5 O-O 16. Ng4 Qf5 17. h3 Nd3 18. b3 Bb4 19. Qc2 Bc5 20. Ba3 Bxa3 21. Rxa3
Rf7 22. Qc3 Raf8 23. Qd4 a6 24. b4 h5 25. Ne3 Qg6 26. Nd1 h4 27. g4 e5 28. Qb6
Qg5 29. Qe3 Qxe3 30. Nxe3 Rxf2 31. Rxf2 Rxf2 32. Rxd3 Rxg2+ 33. Nxg2 exd3 34.
Nxh4 Kf7 35. Nf5 c5 36. bxc5 g6 37. Ne3 Ke6 38. h4 Bf3 39. Kf2 Be2 40. Kg3 Kd7
41. Nc4 Ke6 42. Ne3 Kd7 43. Nc4 Ke6 44. Ne3 1/2-1/2

[Event "XtraCon-Skakligaen"]
[Site "Denmark"]
[Date "2012.10.27"]
[Round "1.5"]
[White "Kaaber Hansen, Jacob"]
[Black "Christensen, Jan Schleicher"]
[Result "1/2-1/2"]
[WhiteElo "2257"]
[BlackElo "2252"]
[PlyCount "24"]
[EventDate "2012.10.27"]
[EventType "team-tourn"]
[EventRounds "9"]
[WhiteTeam "Obro"]
[BlackTeam "Nordre"]
[WhiteTeamCountry "DEN"]
[BlackTeamCountry "DEN"]

1. c4 c5 2. g3 g6 3. Bg2 Bg7 4. Nc3 Nc6 5. e4 e5 6. Nge2 Nge7 7. O-O O-O 8. a3
d6 9. Rb1 a5 10. d3 Rb8 11. f4 f5 12. Bd2 Be6 1/2-1/2

[Event "XtraCon-Skakligaen"]
[Site "Denmark"]
[Date "2012.10.27"]
[Round "1.6"]
[White "Nielsen, Poul Erik"]
[Black "Schou Moldt, Thomas"]
[Result "1/2-1/2"]
[WhiteElo "2215"]
[BlackElo "2226"]
[PlyCount "80"]
[EventDate "2012.10.27"]
[EventType "team-tourn"]
[EventRounds "9"]
[WhiteTeam "Nordre"]
[BlackTeam "Obro"]
[WhiteTeamCountry "DEN"]
[BlackTeamCountry "DEN"]

1. c4 d6 2. g3 e5 3. Bg2 f5 4. d4 e4 5. f3 Nf6 6. Nc3 exf3 7. Nxf3 Be7 8. O-O
c6 9. d5 O-O 10. h3 Qe8 11. Nd4 Nh5 12. Kh2 Bf6 13. e3 Be5 14. Nce2 Qg6 15. Rf3
cxd5 16. cxd5 Na6 17. Nf4 Bxf4 18. exf4 Nc5 19. Bd2 Ne4 20. Be1 Bd7 21. Rc1
Rac8 22. Rxc8 Rxc8 23. Re3 Nhf6 24. Ne2 Qh5 25. Bf3 Qf7 26. Nc3 Rc5 27. Bxe4
fxe4 28. Nxe4 Nxe4 29. Rxe4 Bf5 30. Rd4 Rc2+ 31. Rd2 Rxd2+ 32. Bxd2 Qxd5 33.
Qe2 Bd7 34. b3 b5 35. Bc3 Bc6 36. g4 h6 37. f5 h5 38. Qe6+ Qxe6 39. fxe6 hxg4
40. hxg4 Bd5 1/2-1/2

[Event "XtraCon-Skakligaen"]
[Site "Denmark"]
[Date "2012.10.27"]
[Round "1.7"]
[White "Simonsen, Carsten"]
[Black "Hoiberg, Nina"]
[Result "1/2-1/2"]
[WhiteElo "2187"]
[BlackElo "2196"]
[PlyCount "105"]
[EventDate "2012.10.27"]
[EventType "team-tourn"]
[EventRounds "9"]
[WhiteTeam "Obro"]
[BlackTeam "Nordre"]
[WhiteTeamCountry "DEN"]
[BlackTeamCountry "DEN"]

1. c4 e5 2. g3 d6 3. Nc3 c6 4. Bg2 f5 5. d3 Nf6 6. e4 Be7 7. Nge2 O-O 8. O-O
fxe4 9. dxe4 Be6 10. b3 Qd7 11. f3 Bh3 12. Ba3 Bxg2 13. Kxg2 Na6 14. Qd2 Rad8
15. Rad1 h6 16. Qe3 b6 17. b4 Nc7 18. Bb2 Qe6 19. Qd3 d5 20. cxd5 cxd5 21. exd5
Ncxd5 22. Nxd5 Nxd5 23. Qb3 Kh8 24. Rd3 e4 25. Nd4 Qg6 26. fxe4 Qxe4+ 27. Rdf3
Bf6 28. Qd3 Qxd3 29. Rxd3 Nxb4 30. Rb3 a5 31. a3 Nc2 32. Nxc2 Rd2+ 33. Kh3 Rxc2
34. Rxb6 Kh7 35. Bxf6 Rxf6 36. Rfxf6 gxf6 37. Rb5 a4 38. Rb4 h5 39. Rxa4 Ra2
40. Rh4 Rxa3 41. Rxh5+ Kg6 42. Rb5 f5 43. Rb2 f4 44. Kg4 fxg3 45. Rb6+ Kg7 46.
hxg3 Ra4+ 47. Kg5 Ra5+ 48. Kh4 Rc5 49. g4 Ra5 50. g5 Ra1 51. Rb4 Kg6 52. Rb6+
Kg7 53. Rb4 1/2-1/2

[Event "XtraCon-Skakligaen"]
[Site "Denmark"]
[Date "2012.10.27"]
[Round "1.8"]
[White "Holst, Per"]
[Black "Vej, Jesper"]
[Result "1/2-1/2"]
[WhiteElo "2108"]
[BlackElo "2103"]
[PlyCount "125"]
[EventDate "2012.10.27"]
[EventType "team-tourn"]
[EventRounds "9"]
[WhiteTeam "Nordre"]
[BlackTeam "Obro"]
[WhiteTeamCountry "DEN"]
[BlackTeamCountry "DEN"]

1. d4 d5 2. c4 e6 3. Nf3 c6 4. Qc2 f5 5. g3 Nf6 6. Bg2 Be7 7. O-O O-O 8. Bf4
Ne4 9. Ne5 Nd7 10. f3 Nxe5 11. Bxe5 Nd6 12. Nd2 b6 13. e4 Bb7 14. Rac1 Nf7 15.
cxd5 Nxe5 16. dxe5 cxd5 17. exf5 Rxf5 18. f4 Qd7 19. Qc7 Qxc7 20. Rxc7 Bc5+ 21.
Kh1 Rf7 22. Rxf7 Kxf7 23. Nb3 Rc8 24. Rc1 Be3 25. Rxc8 Bxc8 26. Na1 Bd4 27. Nc2
Bxb2 28. Kg1 Ba6 29. Bf1 Bxf1 30. Kxf1 g5 31. Ke2 gxf4 32. gxf4 Kg6 33. Kf3 b5
34. Nb4 a5 35. Nc6 a4 36. Ke3 Bc1+ 37. Kf3 Ba3 38. Nd4 b4 39. Nc2 Kf5 40. Nd4+
Kg6 41. Nc2 Kf7 42. Kg4 Ke7 43. h4 Kf7 44. Nxa3 bxa3 45. f5 exf5+ 46. Kxf5 Ke7
47. h5 h6 48. e6 d4 49. Ke4 Kxe6 50. Kxd4 Kf5 51. Kd5 Kg5 52. Ke5 Kxh5 53. Kf5
Kh4 54. Kf4 Kh3 55. Kf3 Kh2 56. Kg4 Kg2 57. Kh5 Kf2 58. Kxh6 Ke3 59. Kg5 Kd2
60. Kf4 Kc3 61. Ke3 Kb2 62. Kd2 Kxa2 63. Kc2 1/2-1/2